|
|
|
|
| LEADER |
00000cam a2200000 i 4500 |
| 001 |
1/87788 |
| 008 |
051019s1989 gre d |
| 020 |
|
|
|a 9607023021
|
| 035 |
|
|
|l 10080910
|
| 040 |
|
|
|a GR-MY-UA
|b gre
|e aacr
|
| 041 |
0 |
|
|a gre
|
| 082 |
0 |
|
|a 523.101
|
| 100 |
1 |
|
|a Hawking, Stephen,
|d 1942-2018.
|
| 245 |
1 |
3 |
|a Το χρονικό του χρόνου :
|b από τη μεγάλη έκρηξη ως τις μαύρες τρύπες /
|c Stephen W. Hawking ; εισαγωγή: Βασίλης Ξανθόπουλος
|
| 260 |
|
|
|a Αθήνα :
|b Κάτοπτρο,
|c 1989
|
| 300 |
|
|
|a 272 σ.;
|b εικ.;
|c 21 εκ.
|
| 500 |
|
|
|a Με: Τα δέκα πρόσωπα του σύμπαντος / Sir Fred Hoyle. - Μαύρες τρύπες, σύμπαντα - βρέφη και άλλα δοκίμια / Stephen Hawking. - Η θεωρία της εξέλιξης / Κ. Λάμπερτ
|
| 580 |
|
|
|a Translation of: A brief history of time - from the big bang to black holes
|
| 650 |
0 |
0 |
|a Cosmology.
|
| 650 |
0 |
0 |
|a Astronomy
|x Philosophy.
|
| 650 |
0 |
0 |
|a Planets
|x Origin.
|
| 650 |
0 |
0 |
|a Cosmogony.
|
| 700 |
1 |
|
|a Ξανθόπουλος, Βασίλης Κ.,
|d 1951-1990 .
|4 trl
|
| 730 |
0 |
|
|a A brief history of time - from the big bang to black holes.
|
| 852 |
|
|
|a INST
|b RHODES
|c KRI
|e 20051019
|h 523.101 HΟΥ
|p 005400030762
|q 005400030762
|t BK
|y 0
|
| 901 |
|
|
|a BIBL4-2005-3
|
| 909 |
|
|
|a Ρ
|b 122321
|
| 970 |
|
|
|a ΣΙΔΕΡΗ
|b ΝΕΚΤΑΡΙΑ
|z 2005/10/19
|